Statystyki dla 15 największych polskich kanałów na twitchu

Kliknij tutaj aby rozwiązać quiz!

Ogólne statystyki

  • Ten quiz został rozwiązany 5 291 razy
  • Średni wynik to 15 z 28

Statystyki odpowiedzi

Obserwujący/graKanały% Poprawnych
316.000Xayoo_
85%
1.146.000Izakooo
76%
GraCS:GO
75%
GraCS:GO
75%
GraCS:GO
75%
GraCS:GO
75%
GraCS:GO
75%
GraCS:GO
75%
GraLeague of Legends
74%
GraLeague of Legends
74%
GraLeague of Legends
74%
GraLeague of Legends
74%
GraLeague of Legends
74%
GraLeague of Legends
74%
GraFortnite
60%
425.000Nervarien
58%
225.000ArQuel
50%
246.000EWROON
43%
232.000Kubon
43%
207.000Overpow
40%
250.000PAGO3
32%
259.000Jankos
26%
125.000H2P_Gucio
25%
246.000Leh_TV
16%
198.000RockAlone
15%
126.000Brunecia
6%
280.000esl_csgo_pl
6%
194.000NVIDIAGeForcePL
3%

Rozkład punktacji

Percentyl według liczby udzielonych odpowiedzi

Procent ludzi z każdym wynikiem

Twoja historia wyników

Nie rozwiązałeś tego quizu